00567cam a22002291 4500001001300000003000400013005001700017008004100034010001700075025001500092035002000107040002100127042001200148050002000160100004400180245002600224260001400250300002900264500001500293500001200308999001700320sa 67003816 DLC20260227112341.0940914q19631964ii c 000 0 nepo  asa 67003816  aPL480:N-83 a(OCoLC)31115861 aDLCcCUdCUdDLC apremarc00aPK2598.P68bB481 aPauḍyāla, Lekhanātha,d1884-1966.10aBhartṛhari-nirveda. c[1963/64] a2, 124 p.bport.c19 cm. aIn Nepali. aA play. c74093d74093